000 00524nam a2200217Ia 4500
008 171120s9999 xx 000 0 und d
020 _a9711130564
050 _a899.21
050 _bF819 1986
100 _aFrancisco, Lazaro
245 _aDaluyong /
245 _cby Lazaro Francisco.
260 _aPhilippines :
260 _bAteneo de Manila University Press,
260 _c1986
300 _a340 pages :
300 _billustrations ;
300 _c19cm.
650 _aTagalog fiction.
700 _aTitle.
999 _c345384
_d345384